00597nam a2200169Ia 4500001000900000003000500009008004100014010001100055040000900066100003300075245014200108260006100250300001000311410003200321650002400353710005000377Para_319CHAP220125s1992 xx 000 0 und d a199074 cCHAP aOrozco Hernández, Gamaliel aTécnicas para la producción de maíz en las áreas de riego del estado de Chihuahua /c por Gamaliel Orozco Hernández, [y otros] aDelicias, Chih. :b INIFAP. Campo Experimental Delicias a22 p. aFolleto para productores; 6 aMaíz x Chihuahua aINIFAP. México. Campo Experimental Delicias